Mountain West Football Members History - Statistics

General Stats
  • This quiz has been taken 33 times
  • The average score is 14 of 15
Answer Stats
Current Status Team % Correct
Mountain West Colorado State
100%
Big 12 Utah
100%
Mountain West Boise State
96%
Big 12 BYU
96%
Mountain West San Diego State
96%
Mountain West Utah State
96%
Mountain West Air Force
93%
Mountain West Fresno State
93%
Mountain West Nevada
93%
Mountain West New Mexico
93%
Mountain West San Jose State
93%
Mountain West UNLV
93%
Mountain West Wyoming
93%
Mountain West Hawaii
82%
Big 12 TCU
82%
No matching quizzes found
Score Distribution
Percent of People with Each Score
Percentile by Number Answered
Your Score History
You have not taken this quiz